Statistics for Countries with most Meme about them

Click here to take the quiz!

General Stats

  • This quiz has been taken 33 times
  • The average score is 12 of 15

Answer Stats

MemesAnswer% Correct
SurrenderFrance
100%
Eastern FrontRussia/USSR
100%
Nothing to see hereChina
97%
AnimeJapan
97%
Funny MustacheGermany
94%
Patriotic NoisesUSA
94%
NicenessCanada
90%
ImperialismUK
87%
Poor World War 2 performanceItaly
81%
Creepy CrawliesAustralia
77%
You're going to-Brazil
74%
Smart PeopleIndia
65%
WW3Iran
52%
TreesVietnam
39%
DissapointmentDisappointment island in New Zealand
29%

Score Distribution

Percentile by Number Answered

Percent of People with Each Score

Your Score History

You have not taken this quiz